000 00479nam a2200169Ia 4500
003 GCL
008 140319s9999 xx 000 0 ara d
040 _aGCL /
_cGCL
082 0 4 _aط
_b813.087
100 1 _aرغد عبدالرزاق
245 1 0 _aمرة وفى الثعلب /
_cرغد عبدالرزاق
490 _aالسلسلة القصصية
_v0
650 0 4 _aالقصص القصيرة
650 0 4 _aالاطفال
650 0 4 _aقصص الاطفال
942 _2ddc
_cBK
999 _c51454
_d51454